000 01252cpmaa2200313 4500
001 mm 81092114
003 DLC
005 20260227111710.0
008 810324|||||||||||| eng
010 _amm 81092114
040 _aDLC
_edacs
_cDLC
_dDLC
072 7 _aN
_2lcmd
100 1 _aFitzhugh, John,
_d-1826.
245 0 0 _aJohn Fitzhugh papers,
_f1819-1820.
300 _a1
_fitem.
300 _a1
_fcontainer.
506 0 _aOpen to research.
520 8 _aJournal of John Fitzhugh, M.C., U.S. Navy attached to U.S.F. Congress, from Gosport, Va., to the Far East (1819 February 22-1820 September 28). Fitzhugh was Surgeon's Mate, and the journal covers his impressions as well as medical observations of places visited.
545 0 _aNaval officer and physician.
546 _aCollection material in English.
610 1 0 _aUnited States.
_bNavy
_xMedical care.
610 1 0 _aUnited States.
_bNavy
_xSurgeons.
610 2 0 _aCongress (Frigate: 1794-1834)
651 0 _aEast Asia
_xDescription and travel.
656 7 _aNaval officers.
_2itoamc
656 7 _aPhysicians.
_2itoamc
999 _c43312
_d43312